00709cam a22002531 4500001001300000003000400013005001700017008004100034010001700075025001900092035002000111040002700131042001200158050002100170100001800191245006400209250002200273260005200295300001900347500001600366504003100382600002500413999001700438sa 64000461 DLC20260227111956.0940715s1962 ii b 000 0 pano  asa 64000461  aPL480:I-Pu-167 a(OCoLC)30773508 aDLCcCUdCUdNSyUdDLC apremarc00aPK2659.S587bZ951 aWinoda, T. R.10aKahāṇīkāra Sujāna Siṅgha,cTī. Āra. Winoda. a[Pahilī wāra] aLudhiāṇā,bLāhaura Buka Shāpac[1962] a154 p.c19 cm. aIn Panjabi. aBibliographical footnotes.10aSingh, Sujan,d1909- c56238d56238